Winning in the global market : a practical guide to international business success.
| Main Author: | |
|---|---|
| Format: | Book |
| Published: |
Santo Barbara, California:
Praeger,
2012.
|
| Subjects: |
| LEADER | 00509cam a2200157 7i4500 | ||
|---|---|---|---|
| 001 | 0000028417 | ||
| 005 | 20130429090000.0 | ||
| 020 | 0 | 0 | |a 9780313398322 |
| 090 | 0 | 0 | |a B 658.84 |b KEI |
| 100 | 1 | 0 | |a Keillor |
| 245 | 1 | 0 | |a Winning in the global market : |b a practical guide to international business success. |
| 260 | 0 | 0 | |a Santo Barbara, California: |b Praeger, |c 2012. |
| 300 | # | # | |a 193 p. |
| 650 | 0 | 0 | |a International trade |
| 650 | 0 | 0 | |a International business enterprises |
| 999 | |a B000031907 |b Book |c Book |e Business Information Centre | ||


